NBA names with their initials removed - Statistics

General Stats
  • This quiz has been taken 29 times
  • The average score is 14 of 15
Answer Stats
Hint Answer % Correct
_eBron _ames lj
100%
_ames _arden jh
96%
_evin _urant kd
96%
_ichael _ordan mj
96%
_teph _urry sc
96%
_haquille _'neal so
96%
_ill _ussell br
93%
_areem _bdul-_abbar kaj
93%
_arl _alone km
93%
_ikola _okic nj
93%
_im _uncan td
93%
_ilt _hamberlain wc
93%
_lay _hompson kt
85%
_irk _owitzki dn
81%
_hai _ilgeous-_lexander sga
81%
No matching quizzes found
Score Distribution
Percent of People with Each Score
Percentile by Number Answered
Your Score History
You have not taken this quiz